El mito de la inmaculada concepción / (Record no. 17040)

MARC details
000 -LEADER
campo de control de longitud fija 00779nam a2200241 i 4500
001 - NÚMERO DE CONTROL
campo de control 17040
003 - IDENTIFICADOR DE NÚMERO DE CONTROL
campo de control ES-MaACL
005 - FECHA Y HORA DE LA ÚLTIMA TRANSACCIÓN
campo de control 20250807210236.0
007 - CAMPO FIJO DE DESCRIPCIÓN FÍSICA--INFORMACIÓN GENERAL
campo de control de longitud fija t|
008 - DATOS DE LONGITUD FIJA--INFORMACIÓN GENERAL
campo de control de longitud fija 001215s1979 sp ||||1| spa d
020 ## - NÚMERO INTERNACIONAL ESTÁNDAR DEL LIBRO
Número Internacional Estándar del Libro 84-339-1313-1
080 ## - NÚMERO DE LA CLASIFICACIÓN DECIMAL UNIVERSAL
Número de la Clasificación Decimal Universal 612.62
100 1# - ENTRADA PRINCIPAL--NOMBRE DE PERSONA
Nombre de persona Miguel, Jesús M. de.
9 (RLIN) 81009
245 13 - MENCIÓN DEL TÍTULO
Título El mito de la inmaculada concepción /
Mención de responsabilidad, etc. Jesús M. de Miguel ; con la colaboración de Carmen Domínguez-Alcón.
260 ## - PUBLICACIÓN, DISTRIBUCIÓN, ETC.
Lugar de publicación, distribución, etc. Madrid :
Nombre del editor, distribuidor, etc. Anagrama,
Fecha de publicación, distribución, etc. [1979]
300 ## - DESCRIPCIÓN FÍSICA
Extensión 158 p. ;
Dimensiones 20 cm.
490 1# - MENCIÓN DE SERIE
Mención de serie La educación sentimental ;
Designación de volumen o secuencia 13
650 #4 - PUNTO DE ACCESO ADICIONAL DE MATERIA--TÉRMINO DE MATERIA
Término de materia o nombre geográfico como elemento de entrada Mujeres-
Subdivisión general Conducta sexual
9 (RLIN) 15259
700 1# - ENTRADA AGREGADA--NOMBRE PERSONAL
Nombre de persona Domínguez-Alcón, Carmen.
9 (RLIN) 45185
830 0# - PUNTO DE ACCESO ADICIONAL DE SERIE-TÍTULO UNIFORME
Título uniforme La educación sentimental ;
Designación de volumen o secuencia 13
9 (RLIN) 180225
852 ## - LOCALIZACIÓN
Ubicación ES-MaACL
Número de control de estantería L-24013
Sublocalización o colección R.129084
Holdings
Estatus retirado Estado de pérdida Estado de daño No para préstamo Biblioteca de origen Biblioteca actual Ubicación en estantería Fecha de adquisición Fuente de adquisición Total de préstamos Signatura topográfica completa Código de barras Visto por última vez Precio de reemplazo Tipo de ítem Koha
        Biblioteca del Ateneo de Madrid Biblioteca del Ateneo de Madrid Depósito 2 17/01/2008     L-24013 1017385 23/02/2023 23/02/2023 Libro impreso